Les 30 joueurs les + chers de la Juve - Statistiques

Statistiques générales
  • Ce quiz a été pris 93 fois
    16 depuis la dernière actualisation
  • Le résultat moyen est 22 sur 30
Statistiques - réponses
# Saison Provenance Poste Valeur du transfert Pays Joueur % Correct
1 18/19 Real Madrid CF A 117 000 000 € Cristiano Ronaldo
100%
7 01/02 Parma Calcio 1913 G 52 880 000 € Gianluigi Buffon
100%
3 19/20 AFC Ajax D 85 500 000 € Matthijs de Ligt
100%
24 23/24 Everton FC A 30 000 000 € Moise Kean
100%
9 22/23 Torino FC D 46 900 000 € Bremer
92%
4 21/22 ACF Fiorentina A 83 500 000 € Dušan Vlahović
92%
2 16/17 SSC Napoli A 90 000 000 € Gonzalo Higuaín
92%
17 19/20 Manchester City D 37 000 000 € Danilo
83%
8 24/25 Aston Villa FC M 51 500 000 € Douglas Luiz
83%
11 22/23 ACF Fiorentina A 44 600 000 € Federico Chiesa
83%
22 25/26 FC Porto A 32 000 000 € Francisco Conceição
83%
19 01/02 Parma Calcio 1913 D 36 150 000 € Lilian Thuram
83%
18 23/24 US Sassuolo M 36 400 000 € Manuel Locatelli
83%
21 16/17 AS Roma M 32 000 000 € Miralem Pjanić
83%
12 15/16 US Palermo A 41 000 000 € Paulo Dybala
83%
6 24/25 Atalanta BC M 54 700 000 € Teun Koopmeiners
83%
5 20/21 FC Barcelona M 80 600 000 € Arthur Melo
75%
16 19/20 Atalanta BC M 39 000 000 € Dejan Kulusevski
75%
14 18/19 FC Bayern München A 40 000 000 € Douglas Costa
75%
13 18/19 Valencia CF D 40 400 000 € João Cancelo
75%
20 18/19 AC Milan D 35 000 000 € Leonardo Bonucci
75%
10 01/02 SS Lazio M 45 000 000 € Pavel Nedved
75%
26 25/26 ACF Fiorentina A 28 100 000 € Nico González
67%
27 15/16 FC Porto D 28 000 000 € Alex Sandro
42%
23 19/20 Genoa CFC D 31 500 000 € Cristian Romero
42%
15 17/18 ACF Fiorentina A 40 000 000 € Federico Bernardeschi
42%
25 16/17 GNK Dinamo Zagreb A 29 400 000 € Marko Pjaca
42%
29 09/10 SV Werder Bremen M 27 000 000 € Diego
33%
28 04/05 AS Roma M 28 000 000 € Émerson
8%
30 20/21 Genoa CFC M 26 000 000 € Nicolò Rovella
8%
Aucun quiz correspondant
Distribution des résultats
% des personnes avec chaque résultat
Percentile par nombre de réponses
Votre historique - résultats
Vous n’avez pas pris ce quiz depuis la dernière actualisation